|
|
|
|
| LEADER |
00000nam0a2200000 4500 |
| 001 |
27917 |
| 005 |
20231030202453.0 |
| 010 |
|
|
|a 52300907073
|
| 035 |
|
|
|a (RuTPU)RU\TPU\book\28172
|
| 035 |
|
|
|a BOOK00028247
|
| 090 |
|
|
|a 27917
|
| 100 |
|
|
|a 20011209d1997 m y0rusy50 ca
|
| 101 |
0 |
|
|a rus
|
| 102 |
|
|
|a RU
|
| 105 |
|
|
|a y z 010ay
|
| 200 |
0 |
|
|a Т. 3
|
| 210 |
|
|
|d 1997
|
| 215 |
|
|
|a 912 с.
|
| 300 |
|
|
|a К 150-летию литературного дебюта и к 175-летию со дня рожд. Ф. М. Достоевского.
|
| 327 |
0 |
|
|a Содерж.: Стихотворения; Дядюшкинъ сонъ; Село Степанчиково и его и обитатели; Записки изъ Мертвого Дома и др.
|
| 461 |
|
|
|t Полное собрание сочинений
|o Канонические тексты
|f Ф. М. Достоевский
|v Т. 3
|d 1995-2000
|
| 610 |
1 |
|
|a стихотворения
|
| 610 |
1 |
|
|a рассказы
|
| 610 |
1 |
|
|a записки неизвестного
|
| 610 |
1 |
|
|a записки
|
| 675 |
|
|
|a Р1
|v 3
|
| 801 |
|
0 |
|a RU
|b 63413507
|c 20011209
|g PSBO
|
| 801 |
|
2 |
|a RU
|b 63413507
|c 20161008
|g PSBO
|
| 942 |
|
|
|c BK
|